| 000 | 00969nac a22002411u 4500 | ||
|---|---|---|---|
| 090 | _c8297 | ||
| 008 | 090203t2006 xxu||||| |||| 00| 0 eng d | ||
| 010 | _a2006929944 | ||
| 020 | _a0750681128 | ||
| 020 | _a9780750681124 | ||
| 082 |
_a629.89 _bBOL |
||
| 100 | _aBolton, W. | ||
| 245 | 1 | 0 |
_aProgrammable Logic Controllers / _cW Bolton. |
| 250 | _a4th ed. | ||
| 260 |
_aBoston, MA : _bElsevier, _cc2006. |
||
| 300 |
_a292 p. : _bill. ; _c23 cm. |
||
| 500 | _aIncludes index. | ||
| 650 | _aprogrammable controllers | ||
| 650 | _aAutomatic control | ||
| 942 |
_cBB _k629.89BOL _2ddc |
||
| 999 |
_c8297 _d8297 |
||